| 000 | 00994cab a22001935a 4500 | ||
|---|---|---|---|
| 001 | L145808 | ||
| 008 | 081111e20081107xxkd f s 000 0 eng d | ||
| 035 | _a(Sirsi) u145808 | ||
| 041 | 0 | _aeng | |
| 100 | 1 | _aDaly, Jacqui | |
| 245 | 0 | 0 | _aSupply dogs digs |
| 260 | _c2008 | ||
| 490 |
_aProperty Week _v73(45) 7 November 2008, 44(1) |
||
| 520 | _aArticle looks at student housing and illustrates that while undergraduate and overseas admissions are growing (10% and 6% last year, respectively), the amount of suitable accommodation is not keeping pace. Highlights a particular lack of planning applications for purpose built student accommodation in London and suggests that while the sector has a range of attractive drivers, short term growth is unlikely as landlords focus on the market for housing young professionals. | ||
| 590 | _aKA | ||
| 651 | 4 |
_aUnited Kingdom _y |
|
| 690 | _aPROPERTY-RESIDENTIAL PROPERTY-COMMUNAL RESIDENTIAL PROPERTY-COMMUNAL RESIDENTIAL FACILITIES | ||
| 942 | _n0 | ||
| 999 |
_c80947 _d80947 |
||